| 000 | 00000nas##2200000za#4500 |
| 001 | 9.515802 |
| 003 | CaOODSP |
| 005 | 20200325133319 |
| 007 | ta |
| 008 | 150406c2012||||xxc|| p #||||f| |0eng|d |
| 022 | |a1495-5954 |
| 040 | |aCaOODSP|beng |
| 043 | |an-cn--- |
| 086 | 1 |aCS89-503E |
| 245 | 00|aWomen in Canada ..., a gender-based statistical report |
| 260 | |aOttawa - Ontario : |bStatistics Canada. |
| 310 | |aIrregular |
| 520 | 3 |aAnalyzes the situation of Canadian women by exploring their demographic and cultural characteristics, living arrangements, income, labour force activity, health and criminal and victimization characteristics. |
| 710 | 1 |aCanada.|bStatistics Canada. |bSocial and Aboriginal Statistics Division. |
| 775 | 08|tFemmes au Canada ..., rapport statistique fondé sur le sexe |w(CaOODSP)9.514123 |
| 776 | 0#|tWomen in Canada, a gender-based statistical report |w(CaOODSP)9.506267 |